| 000 | 00585nam a22001817a 4500 | ||
|---|---|---|---|
| 003 | 0 | ||
| 005 | 20250331103512.0 | ||
| 008 | 250331b xxu||||| |||| 00| 0 eng d | ||
| 020 | _a978-1-77469-704-7 | ||
| 050 |
_aHF 5635 _b.K53 2024 |
||
| 100 | _aKhandelwal, Risha | ||
| 245 |
_aFinancial Accounting _c Risha Khandelwal |
||
| 260 |
_aCanada _bToronto Academic Press _c2024 |
||
| 300 |
_axviii, 251 pages: _bcolored illustration and pictures; _c25cm. |
||
| 504 | _aIncludes bibliographical references and index. | ||
| 650 | _aAccounting​--financial accounting. | ||
| 942 |
_2lcc _cBK |
||
| 999 |
_c367354 _d367354 |
||